000 00644nam a22002177a 4500
003 PILC
005 20150907152122.0
008 150218b xxu||||| |||| 00| 0 eng d
020 _a9789814510530
020 _a981451053X
050 _aHF 1017
_b.J66 2014
100 _aJohnson, Robert R.
245 _aStatistics /
_cRobert R. Johnson and Patricia J. Kuby.
250 _a2nd edition.
260 _aPhilippines, Pasig City :
_bCengage Learning Asia,
_c2014.
300 _a356 pages :
_billustrations ;
_c24 cm.
521 _aBusiness Administration
650 _aStatistics.
650 _aCommercial statistics.
942 _2lcc
_cBK
_kLOC
999 _c282715
_d282715